Football nommé trophée Yachine 2025 - Statistiques

Statistiques générales
  • Ce quiz a été pris 97 fois
  • Le résultat moyen est 9 sur 10
Statistiques - réponses
Hint Réponse % Correct
Belgique Courtois
99%
Italie Donnarumma
98%
Argentine Martinez
94%
Suisse Sommer
94%
Brésil Alisson
93%
Maroc Bounou
93%
Slovénie Oblak
90%
France Chevalier
88%
Espagne Raya
65%
Belgique Sels
43%
Aucun quiz correspondant
Distribution des résultats
% des personnes avec chaque résultat
Percentile par nombre de réponses
Votre historique - résultats
Vous n’avez pas pris ce quiz